[Event "CRO-chT2 Center 25th"]
[Site "Croatia"]
[Date "2016.10.23"]
[Round "9.32"]
[White "Krstic, Uros"]
[Black "Markovic, Vjeran"]
[Result "1-0"]
[WhiteElo "2429"]
[BlackElo "2150"]
[PlyCount "109"]
[EventDate "2016.03.13"]
[EventType "team-tourn"]
[EventRounds "11"]
[EventCountry "CRO"]
[SourceTitle "EXT 2019"]
[Source "ChessBase"]
[SourceDate "2018.10.10"]
[SourceVersion "1"]
[SourceVersionDate "2018.10.10"]
[SourceQuality "1"]

1. e4 d6 2. Nc3 g6 3. f4 Bg7 4. Nf3 Nf6 5. Be2 0-0 6. 0-0 c5 7. Qe1 Nc6 8. Qh4 Nd4 9. Bd1 b5 10. d3 b4 11. Ne2 Bg4 12. Nexd4 cxd4 13. e5 dxe5 14. fxe5 Bxf3 15. Bxf3 Nd5 16. Qxd4 e6 17. Bxd5 exd5 18. Bf4 a5 19. Rae1 Re8 20. Qf2 Rc8 21. Re2 Qd7 22. b3 Re6 23. d4 Rec6 24. h3 Qf5 25. Qf3 Qe6 26. Rff2 Rc3 27. Qg4 Bf8 28. Qh4 R8c6 29. Bh6 Bxh6 30. Qxh6 Qe7 31. Rf6 Rxc2 32. Rxc2 Rxc2 33. Ra6 Qd8 34. Rd6 Qe7 35. Ra6 Qd8 36. Ra7 Rxa2 37. Qf4 Qe8 38. Qf6 Rc2 39. Re7 Qf8 40. Rd7 Rc8 41. Rxd5 a4 42. bxa4 Rb8 43. e6 fxe6 44. Qxe6+ Kh8 45. Qe5+ Kg8 46. Rb5 Re8 47. Qg3 Qe7 48. Qb3+ Kh8 49. Rxb4 Qe1+ 50. Kh2 Qd2 51. d5 Re2 52. Rg4 Re3 53. Qb8+ Kg7 54. Qc7+ Kg8 55. Rf4 1-0

[Event "CRO-chT2 Center 23rd"]
[Site "Grubisno Polje"]
[Date "2014.09.07"]
[Round "8.64"]
[White "Plenca, Jadranko"]
[Black "Markovic, Vjeran"]
[Result "1-0"]
[WhiteElo "2250"]
[BlackElo "2167"]
[PlyCount "71"]
[EventDate "2014.03.02"]
[EventType "team-match"]
[EventRounds "11"]
[EventCountry "CRO"]
[SourceTitle "EXT 2016"]
[Source "ChessBase"]
[SourceDate "2015.10.08"]
[SourceVersion "1"]
[SourceVersionDate "2015.10.08"]
[SourceQuality "1"]

1. e4 d6 2. d4 Nf6 3. Nc3 g6 4. Bg5 c6 5. Bd3 Qb6 6. Nge2 Bg7 7. Rb1 Nbd7 8. 0-0 0-0 9. Qd2 e5 10. dxe5 dxe5 11. b4 Qc7 12. a4 Nh5 13. Bc4 Nf4 14. Rfd1 Nb6 15. Bb3 h6 16. Nxf4 exf4 17. Bxf4 Bxc3 18. Bxc7 Bxd2 19. Rxd2 Be6 20. Bxe6 fxe6 21. a5 Na4 22. Rd7 Rf7 23. Rbd1 Raf8 24. Bg3 g5 25. R7d4 Nb2 26. R1d2 b5 27. Bd6 Rd8 28. Bc5 Rxd4 29. Rxd4 Kh7 30. c3 Nc4 31. Rd8 Kg6 32. h3 Kf6 33. f3 Ke5 34. Bd4+ Kf4 35. Kf2 g4 36. Rg8 1-0

[Event "CRO-chT3 Center-A"]
[Site "Zagreb"]
[Date "2011.10.23"]
[Round "10.11"]
[White "Markovic, Vjeran"]
[Black "Brankovic, Ljubomir"]
[Result "1/2-1/2"]
[WhiteElo "2187"]
[BlackElo "2055"]
[PlyCount "86"]
[EventDate "2011.03.13"]
[EventType "team-tourn"]
[EventRounds "11"]
[EventCountry "CRO"]
[SourceTitle "EXT 2014"]
[Source "ChessBase"]
[SourceDate "2013.11.20"]
[SourceVersion "1"]
[SourceVersionDate "2013.11.20"]
[SourceQuality "1"]

1. d4 Nf6 2. g3 g6 3. Bg2 Bg7 4. e4 d6 5. Nc3 0-0 6. Nge2 c6 7. 0-0 Nbd7 8. h3 e5 9. Be3 Re8 10. Qd2 Qa5 11. Rad1 Nf8 12. Nd5 Qxd2 13. Nxf6+ Bxf6 14. Rxd2 Be6 15. Rfd1 Bc4 16. dxe5 dxe5 17. b3 Be6 18. Nc1 b6 19. Nd3 Rad8 20. Nb4 Rxd2 21. Rxd2 Rc8 22. a4 Be7 23. Nd3 f6 24. a5 c5 25. f4 Nd7 26. Nb2 b5 27. Bf1 a6 28. Rd1 Rc6 29. c4 b4 30. Na4 Kf7 31. Bg2 Ke8 32. f5 Bf7 33. h4 Rd6 34. Rxd6 Bxd6 35. Bh3 Kd8 36. Kf2 gxf5 37. Bxf5 Bg6 38. Bxd7 Kxd7 39. Bxc5 Bxe4 40. Ke3 Bc2 41. Bb6 Bxb3 42. Nc5+ Bxc5+ 43. Bxc5 Bxc4 1/2-1/2

[Event "CRO-chT3 Center-A"]
[Site "Zagreb"]
[Date "2011.03.27"]
[Round "3.12"]
[White "Markovic, Vjeran"]
[Black "Sudar, Boris"]
[Result "1-0"]
[WhiteElo "2187"]
[BlackElo "2153"]
[PlyCount "113"]
[EventDate "2011.03.13"]
[EventType "team-tourn"]
[EventRounds "11"]
[EventCountry "CRO"]
[SourceTitle "EXT 2014"]
[Source "ChessBase"]
[SourceDate "2013.11.20"]
[SourceVersion "1"]
[SourceVersionDate "2013.11.20"]
[SourceQuality "1"]

1. d4 Nf6 2. g3 g6 3. Bg2 Bg7 4. e4 d6 5. Nc3 0-0 6. Nge2 c5 7. h3 cxd4 8. Nxd4 a6 9. 0-0 Qc7 10. Be3 Nc6 11. Qd2 Bd7 12. Rac1 Rac8 13. Nd5 Nxd5 14. exd5 Nxd4 15. Bxd4 Qc4 16. Bxg7 Kxg7 17. Rfe1 Rfe8 18. Bf1 Qc5 19. Re3 e5 20. dxe6 Rxe6 21. Rc3 Qe5 22. Rxc8 Bxc8 23. c3 Bd7 24. Rd1 Rf6 25. Qd4 Qh5 26. g4 Qh4 27. Rd3 h5 28. gxh5 Qxh5 29. Bg2 Bf5 30. Re3 Qg5 31. h4 Qh5 32. Bf3 Qh8 33. Bxb7 Qb8 34. Re7 Be6 35. Bxa6 Qxb2 36. a4 d5 37. Bf1 Qa1 38. Qe5 Bh3 39. Qe1 Qxa4 40. Bxh3 Qxh4 41. Re3 Qg5+ 42. Rg3 Qf4 43. Qe3 Qd6 44. Bg2 Re6 45. Qd4+ Qe5 46. Qxe5+ Rxe5 47. Re3 Rg5 48. Rd3 f5 49. Rxd5 Rg4 50. Rd4 f4 51. Kf1 Kf6 52. Bf3 Rh4 53. c4 g5 54. c5 Rh7 55. c6 Ke5 56. Rd5+ Ke6 57. Rxg5 1-0

[Event "CRO-chT3A Center"]
[Site "Zagreb"]
[Date "2010.04.25"]
[Round "5.52"]
[White "Zelic, Branko"]
[Black "Markovic, Vjeran"]
[Result "1-0"]
[WhiteElo "2350"]
[BlackElo "2202"]
[PlyCount "117"]
[EventDate "2010.03.21"]
[EventType "team-tourn"]
[EventRounds "11"]
[EventCountry "CRO"]
[SourceTitle "EXT 2012"]
[Source "ChessBase"]
[SourceDate "2011.11.24"]
[SourceVersion "1"]
[SourceVersionDate "2011.11.24"]
[SourceQuality "1"]

1. d4 d6 2. Nf3 g6 3. Bg5 Bg7 4. e3 Nf6 5. Be2 c5 6. c3 0-0 7. 0-0 Qb6 8. Nbd2 Bf5 9. Nc4 Qc7 10. dxc5 Qxc5 11. Qd4 Qxd4 12. Nxd4 Bd7 13. Bf3 Nc6 14. Rfd1 Rac8 15. Rac1 Nxd4 16. cxd4 b6 17. Na3 Rxc1 18. Rxc1 Rc8 19. Rxc8+ Bxc8 20. Nb5 a5 21. Nc7 Kf8 22. Na8 b5 23. Bc6 Be6 24. Bxf6 Bxf6 25. b3 b4 26. Nb6 h5 27. Kf1 Bf5 28. Ke2 Bb1 29. Kd2 e5 30. Nd5 Bg7 31. dxe5 dxe5 32. Nb6 e4 33. Nc4 Bc3+ 34. Kd1 Ke7 35. Nxa5 Bd3 36. Bd5 f5 37. Bc4 Bb1 38. Kc1 Bxa2 39. Nc6+ Kf6 40. Nd4 g5 41. Ne2 Be1 42. Kb2 Bxb3 43. Kxb3 Bxf2 44. Kxb4 Bxe3 45. Ng3 h4 46. Nf1 Bg1 47. Kc3 f4 48. h3 f3 49. gxf3 exf3 50. Bd5 Bb6 51. Bxf3 Bc7 52. Kd4 Bf4 53. Ne3 Bxe3+ 54. Kxe3 Kg6 55. Ke4 Kf6 56. Bh5 Kg7 57. Kf5 Kf8 58. Kf6 Kg8 59. Bg6 1-0

[Event "CRO-chT3"]
[Site "Zagreb"]
[Date "2009.03.08"]
[Round "1"]
[White "Markovic, Vjeran"]
[Black "Soldo, Robert"]
[Result "1-0"]
[WhiteElo "2201"]
[BlackElo "2174"]
[PlyCount "75"]
[EventDate "2009.03.08"]
[EventType "team-tourn"]
[EventRounds "9"]
[EventCountry "CRO"]
[SourceTitle "EXT 2011"]
[Source "ChessBase"]
[SourceDate "2010.11.26"]
[SourceVersion "1"]
[SourceVersionDate "2010.11.26"]
[SourceQuality "1"]

1. Nf3 Nf6 2. g3 b5 3. Bg2 Bb7 4. 0-0 e6 5. d3 d5 6. c4 dxc4 7. dxc4 Qxd1 8. Rxd1 bxc4 9. Ne5 Bxg2 10. Kxg2 Nbd7 11. Nxc4 Be7 12. Nc3 0-0 13. Bf4 Nb6 14. Ne5 Nfd5 15. Nc6 Bf6 16. Nxd5 Nxd5 17. e4 Nxf4+ 18. gxf4 Bxb2 19. Rab1 Ba3 20. Rb7 Rfc8 21. Nxa7 Rd8 22. Rxd8+ Rxd8 23. Rxc7 g5 24. Rc8 Rxc8 25. Nxc8 gxf4 26. Nb6 Kf8 27. Nc4 Bc5 28. Kf3 Ke7 29. a4 f6 30. Nb2 Bb6 31. Nd3 e5 32. Kg4 Ke6 33. f3 Bg1 34. h3 Bb6 35. h4 h5+ 36. Kxh5 f5 37. Kg6 fxe4 38. fxe4 1-0